000 00251nam a2200097Ia 4500
001 648498
005 20250826153723.0
008 250824s9999 xx 000 0 und d
245 0 _aBİŞEY SÖYLİCEM AMA GÜLMEK YOK
_cMİNE SOTA
260 _bGENÇ TİMAŞ
999 _c648498
_d648498